A Dóm téren nemzetközi lakodalom

Elmentve itt :
Bibliográfiai részletek
Dokumentumtípus: Cikk
Megjelent: 1972-07-23
Sorozat:Délmagyarország 62 No. 172
Kulcsszavak:Novák Ferenc, Daróczy Bárdos Tamás, Török Erzsébet, Iglódi István, Kiss Károly, Virizlay Gyula, Timmer József, Szegedi Szabadtéri Játékok 1972, Néptáncfesztivál Szeged 1972, néptáncfesztivál
Online Access:http://dmarchiv.bibl.u-szeged.hu/75581
LEADER 00605nab a2200145 i 4500
001 delm75581
005 20180928084251.0
008 180928s1972 hu o 0|| hun d
040 |a SZTE Délmagyarország Archívum  |b hun 
041 |a hun 
245 0 2 |a A Dóm téren   |h [elektronikus dokumentum] :  |b nemzetközi lakodalom 
260 |c 1972-07-23 
300 |a 1 
490 0 |a Délmagyarország  |v 62 No. 172 
695 |a Novák Ferenc, Daróczy Bárdos Tamás, Török Erzsébet, Iglódi István, Kiss Károly, Virizlay Gyula, Timmer József, Szegedi Szabadtéri Játékok 1972, Néptáncfesztivál Szeged 1972, néptáncfesztivál